| 000 | 00000nam 2200000zi 4500 |
| 001 | 9.937551 |
| 003 | CaOODSP |
| 005 | 20241114090645 |
| 006 | m o d f |
| 007 | cr cn||||||||| |
| 008 | 240429t20242024onc ob f000 0 eng d |
| 020 | |a9780660716473 |
| 040 | |aCaOODSP|beng|erda|cCaOODSP |
| 043 | |an-cn--- |
| 086 | 1 |aA118-10/19-2023E-PDF |
| 245 | 00|aCrop profile for greenhouse lettuce in Canada, 2023 / |cprepared by Pesticide Risk Reduction Program, Pest Management Centre, Agriculture and Agri-Food Canada. |
| 250 | |aSixth edition - 2024. |
| 264 | 1|a[Ottawa] : |bAgriculture and Agri-Food Canada = Agriculture et agroalimentaire Canada, |c[2024]. |
| 264 | 4|c©2024 |
| 300 | |a1 online resource (34 pages) |
| 336 | |atext|btxt|2rdacontent |
| 337 | |acomputer|bc|2rdamedia |
| 338 | |aonline resource|bcr|2rdacarrier |
| 500 | |aCover title. |
| 500 | |aIssued also in French under title: Profil de la culture de la laitue de serre au Canada, 2023. |
| 504 | |aIncludes bibliographical references (page 34). |
| 650 | 0|aLettuce|xDiseases and pests|xControl|zCanada. |
| 650 | 0|aLettuce industry|zCanada. |
| 650 | 0|aGreenhouse plants|zCanada. |
| 710 | 1 |aCanada. |bAgriculture and Agri-Food Canada, |eissuing body. |
| 710 | 2 |aPest Management Centre (Canada), |eissuing body. |
| 775 | 08|tProfil de la culture de la laitue de serre au Canada, 2023 / |w(CaOODSP)9.937552 |
| 795 | |tCrop profile for greenhouse lettuce in Canada, 2020 / |w(CaOODSP)9.896763 |
| 856 | 40|qPDF|s703 KB|uhttps://publications.gc.ca/collections/collection_2024/aac-aafc/A118-10-19-2023-eng.pdf |
| 986 | |a13218E |